000 00939cab a2200229 4500
001 ABS46477
008 090401t1992 xxu||||| |||| 00| 0 eng d
035 _a(Sirsi) u58473
041 _aeng
245 _aJones (VO) v Toby Restaurants (South) Ltd
260 _c1992
350 _a0
490 _aRating Appeals
_v(1992) RA 87-99(7)
520 _aLT 21 April 1992. Uncertainty over the correct description of the property as either `public house` or `restaurant and bar` led to dispute over corresponding rateable values. The valuation officer`s appeal against the initial, lower assessment was dismissed on the grounds of its actual use, low turnover of the catering operation, planning consent and the size of the kitchen.
650 _aDESCRIPTION
650 _aPUBLIC HOUSES
650 _aRATING APPEALS
650 _aVALUATION LIST ENTRY
690 _aRATING AND VALUATION-CASE LAW
942 _n0
948 _c04/03/1997
999 _c35703
_d35703